Caracterización biológica y económica de la pesquería del calamar (Illex argentinus) (Registro nro. 22738)

Detalles MARC
000 -LEADER
fixed length control field 00478 a2200145 4500
001 - CONTROL NUMBER
control field ART_6368
005 - DATE AND TIME OF LATEST TRANSACTION
control field 20260410161825.0
008 - FIXED-LENGTH DATA ELEMENTS--GENERAL INFORMATION
fixed length control field 260409a
100 1# - MAIN ENTRY--PERSONAL NAME
Personal name Bertolotti, María Isabel
245 10 - TITLE STATEMENT
Title Caracterización biológica y económica de la pesquería del calamar (Illex argentinus)
700 1# - ADDED ENTRY--PERSONAL NAME
Personal name Pagani, Andrea Noemí
700 1# - ADDED ENTRY--PERSONAL NAME
Personal name Errazti, Elizabeth
700 1# - ADDED ENTRY--PERSONAL NAME
Personal name Mallo, Paulino E.
773 0# - HOST ITEM ENTRY
Title FACES
Related parts - Año 7, Nº 10 (ene./abr. 2001)
Record control number REV5046

No hay ítems disponibles.